| 000 | nam a22 a 4500 | ||
|---|---|---|---|
| 999 |
_c1206 _d1206 |
||
| 003 | AKMAL | ||
| 005 | 20170508154214.0 | ||
| 008 | 170508s1996 my l 00 may d | ||
| 020 | _a9678903530 (kkt.): | ||
| 082 | 0 | 4 | _a345.5950277 AKT |
| 090 |
_a345.5950277 _bAKT |
||
| 110 | 1 |
_aMalaysia _9400 |
|
| 240 | 1 | _aAkta Dadah Berbahaya 1952 (Akta 234) | |
| 245 | 1 | 0 |
_aAkta Dadah Berbahaya 1952 : _bsemua pindaan hingga 30 Jun 1996, _cLembaga Penyelidikan Undang-undang |
| 260 |
_aKuala Lumpur : _bInternational Law Book Services _c1996 |
||
| 300 |
_avi, 78ms. ; _c26cm |
||
| 650 |
_aDrugs _xLaw and legislation _zMalaysia _92109 |
||
| 650 |
_aDrug abuse _xLaw and legislation _zMalaysia _92420 |
||
| 942 |
_2ddc _cBOOK |
||